000
00332pab a2200145 454500
008
180718b1986 xxu||||| |||| 00| 0 eng d
100
_a
Yerram Raju, B.
245
_a
Rural banking and plan rural credit better way
260
_c
1986
300
_a
16-19
362
_a
1 Jan.
650
_a
Banks
773
_a
Yojana
909
_a
4277
999
_c
4277
_d
4277